| Tag |
First Indicator |
Second Indicator |
Subfields |
| LEADER |
00000cam a22000001i 4500 |
| 001 |
in00004128539 |
| 005 |
20200117100757.0 |
| 006 |
m d f |
| 007 |
cr bn mmmapmmp |
| 008 |
161121s2016 mdu o f000 0 eng d |
| 035 |
|
|
|a chdc20160956
|
| 040 |
|
|
|a UMI
|b eng
|e rda
|c UMI
|d UtOrBLW
|
| 043 |
|
|
|a aw-----
|
| 086 |
0 |
|
|a Y 4.F 76/1:114-211
|
| 110 |
1 |
|
|a United States.
|b Congress.
|b House.
|b Committee on Foreign Affairs.
|b Subcommittee on Africa, Global Health, Global Human Rights, and International Organizations.
|0 http://id.loc.gov/authorities/names/no2013078745
|
| 245 |
1 |
4 |
|a The ISIS Genocide Declaration :
|b What's Next?
|
| 264 |
|
1 |
|a Bethesda, Md. :
|b ProQuest,
|c 2016.
|
| 300 |
|
|
|a 85 pages, digital, PDF file
|
| 336 |
|
|
|a text
|2 rdacontent
|b txt
|
| 337 |
|
|
|a computer
|b c
|2 rdamedia
|
| 338 |
|
|
|a online resource
|2 rdacarrier
|b cr
|
| 500 |
|
|
|a Record is based on bibliographic data in ProQuest U.S. Congressional Hearings Digital Collection. Reuse except for individual research requires license from ProQuest, LLC.
|
| 533 |
|
|
|a Electronic reproduction.
|b [Bethesda, Md.] :
|c ProQuest,
|d 2016.
|e digital, PDF file.
|n ProQuest Congressional Hearings Digital Collection.
|n Mode of access: World Wide Web via ProQuest website.
|
| 538 |
|
|
|a System requirements: PDF reader software.
|
| 610 |
2 |
0 |
|a IS (Organization)
|0 http://id.loc.gov/authorities/names/n2014059810
|
| 650 |
|
0 |
|a Genocide
|z Middle East.
|
| 650 |
|
0 |
|a Freedom of religion
|z Middle East.
|
| 776 |
0 |
8 |
|i Microfiche version:
|a United States. Congress. House. Committee on Foreign Affairs. Subcommittee on Africa, Global Health, Global Human Rights, and International Organizations.
|t ISIS Genocide Declaration
|o CIS 2016 H381-94
|w cis20163171
|
| 856 |
4 |
0 |
|u http://proxy.library.tamu.edu/login?url=http://search.proquest.com/congcomp/getdoc?HEARING-ID=HRG-2016-FOA-0068
|y Electronic resource (PDF)
|z CIS 2016-H381-94
|t 0
|
| 998 |
|
|
|a cis20163171
|
| 999 |
f |
f |
|s 84f4e271-4692-36e7-863b-c255de675d4b
|i ff587e3f-2cc9-3aa3-bb4c-3308a7fd25ef
|t 0
|
| 952 |
f |
f |
|a Texas A&M University
|b College Station
|c Electronic Resources
|d Available Online
|t 0
|e Y 4.F 76/1:114-211
|h Superintendent of Documents classification
|
| 998 |
f |
f |
|a Y 4.F 76/1:114-211
|t 0
|l Available Online
|